00430nam a22001577a 450000500170000001000150001702000110003203500140004303700090005708200080006610000110007424500430008526000390012827000850016730000200025220250306155809.0 aENG-143976 c100.00 aEN-127508 bDBAD a881 aRadium aRiver the Song of Tomorrow/cby Radium aHyderabadbJ.V. Publicationsc2018 aFlat No.103, Jaya Apartments, 3-6-18, Himayatnagar, HyderabadbHyderabade500029 a87p.b21cm(pbk)